000 00282nam a2200109 4500
999 _c10811
_d10811
003 OSt
005 20221012164236.0
008 221012b ||||| |||| 00| 0 eng d
245 _aConference on tropical Architecture-1953
260 _aLondon
_bGeorge allen and unwin ltd
942 _2ddc